Importancia de la lectura para los estudiantes. / (Registro nro. 15596)

Detalles MARC
000 -LEADER
fixed length control field 01830nam a2200349 a 4500
003 - CONTROL NUMBER IDENTIFIER
control field DO-SdBPM
005 - DATE AND TIME OF LATEST TRANSACTION
control field 20260114081515.0
007 - PHYSICAL DESCRIPTION FIXED FIELD--GENERAL INFORMATION
fixed length control field ta
008 - FIXED-LENGTH DATA ELEMENTS--GENERAL INFORMATION
fixed length control field 220825e2022 dr ||||er|||| 000 0dspa d
020 ## - INTERNATIONAL STANDARD BOOK NUMBER
International Standard Book Number 9789945100662
040 ## - CATALOGING SOURCE
Original cataloging agency DO-SdBPM
Language of cataloging spa
Transcribing agency BPMSU
Description conventions rda
041 ## - LANGUAGE CODE
Language code of text/sound track or separate title
082 #4 - DEWEY DECIMAL CLASSIFICATION NUMBER
Classification number 028.9
Item number S787i 2022
Edition number 22
100 1# - MAIN ENTRY--PERSONAL NAME
Personal name Stanley, Avelino,
Dates associated with a name 1959-
Relator term autor
Relator code aut.
245 10 - TITLE STATEMENT
Title Importancia de la lectura para los estudiantes. /
Statement of responsibility, etc. Avelino Stanley
250 ## - EDITION STATEMENT
Edition statement Primera edición
264 ## - PRODUCTION, PUBLICATION, DISTRIBUTION, MANUFACTURE, AND COPYRIGHT NOTICE
Place of production, publication, distribution, manufacture Santo Domingo :
Name of producer, publisher, distributor, manufacturer Cocolo editorial,
Date of production, publication, distribution, manufacture, or copyright notice 2022.
300 ## - PHYSICAL DESCRIPTION
Extent 71 páginas ;
Dimensions 23 cm.
336 ## - CONTENT TYPE
Content type term texto
Content type code txt
Source rdacontent
337 ## - MEDIA TYPE
Media type term sin mediación
Media type code n
Source rdamedia
338 ## - CARRIER TYPE
Carrier type term volumen
Carrier type code nc
Source rdacarrier
500 ## - GENERAL NOTE
General note Incluye datos biográficos del autor en la contracubierta.
500 ## - GENERAL NOTE
General note Incluye referencias bibliográficas y notas al pié de las páginas.
505 0# - FORMATTED CONTENTS NOTE
Formatted contents note Presentación.
Title Precisión introductoria.--
-- Aspectos de la realidad de los estudiantes.--
-- Aportes importantes de la lectura a los estudiantes.--
-- La lectura antes y después de entrar a la universidad.--
-- ¿Qué cantidad de libros debe leer un estudiante?.--
-- ¿Cuáles libros deben leer los estudiantes?.--
-- Libros y autores recomendados.--
520 ## - SUMMARY, ETC.
Summary, etc. Importancia de la lectura para los estudiantes tiene el propósito de tocar de manera individual a cada estudiante. Para que cree conciencia de la importancia que tiene ponerle atención a su formación individual. Para que se dé cuenta de que su calidad educativa puede encontrar realización vinculándose al mundo de la lectura.
590 ## - LOCAL NOTE (RLIN)
Local note Inventariado 2022 / VM
650 #7 - SUBJECT ADDED ENTRY--TOPICAL TERM
Topical term or geographic name as entry element Promoción a la lectura
Geographic subdivision República Dominicana
650 #7 - SUBJECT ADDED ENTRY--TOPICAL TERM
Topical term or geographic name as entry element Enseñanza en comprensión de lectura
General subdivision
650 #7 - SUBJECT ADDED ENTRY--TOPICAL TERM
Topical term or geographic name as entry element Libros y lectura
910 ## - USER-OPTION DATA (OCLC)
User-option data VMateo V. Control de calidad. BPMSU
942 ## - ADDED ENTRY ELEMENTS (KOHA)
Source of classification or shelving scheme Dewey Decimal Classification
Koha item type Libros
Existencias
Withdrawn status Lost status Source of classification or shelving scheme Damaged status Not for loan Collection code Home library Current library Date acquired Total Checkouts Full call number Barcode Date last seen Price effective from Koha item type
    Dewey Decimal Classification     Colección Juvenil Dominicana Biblioteca Pública Metropolitana Salomé Ureña Biblioteca Pública Metropolitana Salomé Ureña 01/14/2026   BPMSU CJD 028.9 S787i 2022 BPMSU26010005 01/14/2026 01/14/2026 Libros